000
00294nam a22001217a 4500
020
_a
0-07-099071-9
082
_a
005 SCH'T
100
_a
SCHEID, F
_9
74742
245
_a
THEORY AND PROBLEMS OF COMPUTERS AND PROGRAMMING
260
_a
NEWYORK
_b
MCGRAW HILL
_c
1983
300
_a
402P
942
_c
BK
999
_c
580243
_d
580243